1069 1221 1382 1437 1932 1141 1566 1481 1285 1966 1379 1610 1148 1332 1109 1269 1630 1465 1652 1722 1929 1578 1736 1689 1386 1260 1003 1015 1582 1044 1783 1872 1805 1425 1237 1041 1009 1661 1679 1766 1003 1830 1896 1158 1191 1169 1516 1387 1376 1778 1959 1780 1438 1713 1791 1181 1503 1801 1855 1876 1160 1021 1085 1998 1220 1075 1594 1145 1297 1148 1336 1882 1340 1238 1641 1241 1159 1478 1671 1707 1251 1068 1638 1877 1071 1023 1355 1246 1588 1890 1599 1029 1394 1001 1984 1956 1490 1079 1237 BCNSPRNW ULIB Ver.6.0+V

เปลี่ยนเป็นภาษาไทย

Change to English
 แสดงรายละเอียดบรรณานุกรม
  กลับหน้าหลัก

Brief Record : Get Marc (ISO 2709) : E-mail record : QR code < ปิดหน้าต่าง
LEADER : 00000nam 2200000uu 4500
001    13399109256
003     ULIB
008    110325s2543||||th 000 0 tha d
020    9742990565
060 04 WA540JT3^bว549ข 2543
100 0  อนุวัฒน์ ศุภชุติกุล
245 10 คุณภาพของระบบสุขภาพ /^cอนุวัฒน์ ศุภชุติกุล, จิรุตม์ศรีรัตนบัลล์
250    พิมพ์ครั้งที่ 1
260    นนทบุรี :^bสถาบันวิจัยระบบสาธารณสุข,^c2543
300    (6), 71 หน้า ;^c26 ซม.
490 0  ชุดสุขภาพคนไทยปี พ.ศ. 2543
500    ใช้เป็นเอกสารประกอบการประชุมวิชาการสถาบันวิจัยระบบสาธารณสุข ครั้งที่ 3 ภูมิปัญญาประชาคมสู่สุขภาพประชาชาติไทย. ระหว่างวันที่ 15-17 สิงหาคม 2543 ณ ศูนย์นิทรรศการและการประชุมไบเทค กรุงเทพมหานคร
650  7 การบริหารสาธารณสุข^zไทย
650  7 บริการทางการแพทย์^xการควบคุมคุณภาพ
650  7 โรงพยาบาล^xการควบคุมคุณภาพ
650  7 อนามัย, การบริการ^xการควบคุมคุณภาพ
700 0  จิรุตม์ ศรีรัตนบัลล์
710 2  สถาบันวิจัยระบบสาธารณสุข
711 2  การประชุมวิชาการสถาบันวิจัยระบบสาธารณสุขเรื่องภูมิปัญญาประชาคมสู่สุขภาพประชาชาติไทย^n(ครั้งที่ 3 :^d2543:^cกรุงเทพมหานคร)
945    ^p0^l0^i013032
995    ทศพร
999 ^a ใช้งานได้ทุกระบบ
รายการนี้ยังไม่มีแท็ก
คุณยังไม่ได้ล็อกอิน คุณสามารถมีกิจกรรมร่วมกับเว็บไซต์ได้ แต่ต้องล็อกอินก่อน ::
  ล็อกอิน

รายการสื่อสารสนเทศ

ลำดับที่ ประเภท เลขเรียก/บาร์โค้ด สถานที่ สถานะ
- ไม่พบข้อมูล -

รายการใกล้เคียง
    ผู้แต่ง [อนุวัฒน์ ศุภชุติกุล]

BibComment


ยังไม่เคยถูกคอมเมนท์

คอมเมนท์ทรัพยากรรายการนี้
  คอมเมนท์: คุณภาพของระบบสุขภ..


 Copyright 2026. Bcnsprnw @Library